| 000 | 00881cam a22002777a 4500 | ||
|---|---|---|---|
| 005 | 20220329141124.0 | ||
| 008 | 971010s1987 r 00010 d | ||
| 010 | _a62931 | ||
| 011 | _a63903 | ||
| 035 | _a68586 | ||
| 082 |
_a624.12 _bC5 |
||
| 100 | 0 | 0 |
_aChen, Wai Fah. _922132 |
| 245 | 0 |
_aStructural stability _b: theory and implementation |
|
| 260 |
_aNew York : _bElsevier, _c1987 |
||
| 300 |
_a490 p. _b: ilus. |
||
| 590 |
_aBATCH-UPD _b10 _c20130110 _lUCH01 _h0116 |
||
| 590 |
_aBATCH-UPD _b10 _c20130110 _lUCH01 _h0826 |
||
| 590 |
_aBATCH-UPD _b10 _c20130410 _lUCH01 _h0504 |
||
| 590 |
_aBATCH-UPD _b10 _c20130914 _lUCH01 _h0920 |
||
| 590 |
_aCONVERSION _b10 _c20130109 _lUCH01 _h1334 |
||
| 650 | 1 | 4 |
_aEstabilidad. _938182 |
| 650 | 1 | 4 |
_aIngenierĂa de estructuras. _958217 |
| 700 | 0 |
_aLui, E. M. _968957 |
|
| 901 | _aBK | ||
| 949 |
_a624.12 C5 _bI _cLIBRO _d-713 _eLIBRO _h3904 _i68586 _si |
||
| 999 |
_c62931 _d62931 |
||